000 00329nam a22001457a 4500
008 221010b ||||| |||| 00| 0 eng d
020 _a9781605477824
041 _aeng
080 _2NINTH EDITION
_a610.73
082 _a610.73 POL
100 _a9
101 _aINF
245 _aNURSING RESEARCH
_cPOLIT .D
942 _2udc
_cBK
999 _c58437
_d58437